[Event "World Cup of Rapid Chess-A"]
[Site "Cannes"]
[Date "2001.03.21"]
[Round "4"]
[White "Gulko, Boris F"]
[Black "Polgar, Judit"]
[Result "0-1"]
[WhiteElo "2622"]
[BlackElo "2676"]
[Annotator "Tsesarsky"]
[PlyCount "122"]
[EventDate "2001.03.21"]
[EventType "tourn (rapid)"]
[EventRounds "5"]
[EventCountry "FRA"]
[EventCategory "18"]
[Source "ChessBase"]
[SourceDate "2001.05.17"]

1. c4 Nf6 2. Nc3 g6 3. e4 d6 4. d4 Bg7 5. Be2 O-O 6. Bg5 $6 {this move idea is
to provoke h7-h6 move, and after B retreat to e3 and Qd1-d2 White will attack
Ph6.} ({Regular continuation is} 6. Nf3 e5 7. O-O Na6 8. Be3 Qe8 9. dxe5 dxe5
10. Nd2 c6 11. c5 (11. Rb1 Qe7 12. a3 (12. Qa4 Rd8 13. b4 Ng4 14. Bxg4 Bxg4 15.
b5 $132 {1-0 Korsus,B-Gaede,D/Germany 1999/EXT 2001 (39)}) 12... Nc5 13. b4 Ne6
14. Qc1 Nd4 15. Bd1 Ng4 16. Bxg4 Bxg4 17. f3 Be6 $15 {[%csl Gd4] 1/2-1/2 Kurr,
G-Kassebaum,R/Germany 1998/EXT 99 (49)}) (11. a3 {-see comments to the game 
1-0 Barlov,D-Tosic,M/Belgrade  1998/CBM 64 (33)[Huzman,A]}) 11... Be6 (11...
Qe7 12. Bxa6 bxa6 13. Qa4 (13. Nc4 Ng4 $132 {0-1 Keller,T-Hausrath,D/GER 1995/
EXT 2001 (29)}) (13. f3 {1/2-1/2 Kristiansen,J-Volke,K/Kecskemet 1989/TD (46) 
and  1/2-1/2 Shabtai,R-Gofshtein,L/Tel Aviv 1990/EXT 97 (71)}) 13... Rd8 14. h3
$14 {1-0 Shipov,S-Yuneev,A/Cheliabinsk 1991/EXT 97 (23)}) (11... Nc7 12. Nc4
Qe7 13. Qc2 (13. Qd6 Qxd6 14. cxd6 Ne6 15. Nxe5 Nxe4 16. Nxc6 Nxd6 17. Ne7+ Kh8
18. Rfd1 $14 {1/2-1/2 Marcetic,N-Sahovic,D/Vrsac 2000/EXT 2001 (28)}) 13... Rd8
14. Rad1 Rxd1 15. Rxd1 $14 {1-0 Peralta,F-Netolitzky,G/Internet ICC 2000/EXT
2001 (20)}) 12. Nc4 (12. Qa4 Nc7 13. b4 Qe7 14. Qc2 Nfe8 15. Rab1 f5 $132 {0-1
Baumann,C-Segal,A/Graz 1991/EXT 97 (29)}) 12... Bxc4 13. Bxc4 Qe7 14. Bxa6 bxa6
15. f3 $14 {1/2-1/2 Hammerstad,A-Bekker Jensen,A/Gausdal 2000/CBM 74 ext (22)})
6... Na6 7. Nf3 Qe8 {[%cal Gg5d8] Elegant refutation! Black ignores Bg5 and
doesn't play h7-h6. The last move idea is to play e7-e5 and to avoid
unpleasant pin.} 8. O-O e5 9. dxe5 dxe5 10. Nd2 c6 11. Be3 {Wrong opening plan
recognition. White lost tempo. In this wellknown theoretical position White's
move.} Qe7 $132 12. Nb3 (12. Qa4 $5 h5 13. f3 Nd7 14. Rab1 Bf6 15. Rfd1 Bg5
$132 {1/2-1/2 Dao Thien Hai-Lingnau,C/Budapest 1994/CBM 40 (47)}) 12... Rd8 13.
Qc2 Ng4 $1 {Now White had to exchange one of BB.} 14. Bxg4 $6 $15 ({After} 14.
Bd2 Nb4 15. Qb1 Qh4 16. h3 Nf6 $132 {[%cal Gc8h3] Black pieces allocated on
active positions.}) 14... Bxg4 15. a3 Be6 16. Ne2 f5 {Black wants to open
position for his pair of BB.} 17. f3 Qf7 {[%csl Rc4][%cal Gf7c4]} 18. Rac1 f4 {
Advantage transformation. Now Black wishes to arrange Attack by g6-g5-g4
promotion.} 19. Bf2 g5 20. Kh1 g4 21. fxg4 Bxg4 22. Ng1 (22. Bh4 Rd6 $15 {
[%cal Gd6h6]}) 22... Qh5 {[%csl Rf3][%cal Gh5f3]} 23. Nd2 {[%cal Gd2f3]} Kh8
24. Ndf3 {White neutralizes pressure, but Polgar's fantasy hasn't ended yet.}
Bf6 25. Rcd1 Rg8 {[%cal Gg8g2]} 26. Rd6 Be7 27. Rd2 Bf6 28. Rd6 Rg6 $1 ({Of
course, Black evaluated his position properly and doesn't want draw after} 
28... Be7 29. Rd2 Bf6) 29. Be1 Bg7 $6 {Badly.} ({Much better was} 29... Rag8
$15 {[%csl Rg2][%cal Gg8g2]}) 30. Rxg6 {White was very glad to change pair of
RR.} hxg6 31. Bc3 Re8 (31... Nc5 $132) 32. Qf2 b6 33. Rd1 Nc5 34. Qe2 g5 35. b4
Ne6 36. Rd6 c5 {[%csl Gd4] preparing d4 point for Ne6.} 37. bxc5 bxc5 38. Qb2
Nd4 39. Bxd4 cxd4 $2 $16 {after this mistake an advantage pass to White...} ({
Right was} 39... exd4 40. Rd5 Bf6 41. Rxc5 Rxe4 $132) 40. Qb5 {[%cal Gf3g5,
Gb5e8] threatening Nxg5!} a6 41. Qd5 (41. Rxa6 $1 Bc8 42. Ra7 g4 (42... Bf6 43.
Qc6 $16) 43. Nxd4 $1 $16) 41... Kh7 (41... Bc8 $5 42. c5 $1 $16 (42. Rd8 $2 Bf6
43. Rxe8+ Qxe8 $15)) 42. Rd8 Bf6 43. Qb7+ Kg8 44. Rxe8+ Qxe8 45. Qxa6 Be6 46.
c5 $1 ({Badly is} 46. Nh3 $2 g4 47. Nfg5 {[%csl Re6,Rf6][%cal Gg5e6,Ga6f6]}
gxh3 $1 48. Nxe6 (48. Qxe6+ Qxe6 49. Nxe6 d3 $19) 48... Qg6 49. Qc8+ Kf7 50.
Qd7+ Be7 51. Nd8+ Kf8 52. Qxh3 (52. Ne6+ Kg8 $19) 52... Bxd8 53. Qh8+ Qg8 54.
Qxe5 Qxc4 55. Qxf4+ Ke8 $19) 46... g4 47. Nd2 Bg5 48. Nc4 f3 (48... Bf6 49. c6
$16) 49. gxf3 Bf4 50. fxg4 (50. Ne2 gxf3 51. Nxf4 exf4 52. Nd2 Qg6 53. Qf1 $18)
50... Bxg4 51. h3 Qh5 52. Kg2 $4 $11 (52. Qa8+ $1 Kg7 53. Qb7+ Kh8 (53... Kg6
54. Qb3 Be6 55. Qb6 $18) 54. Qb3 Be6 55. c6 $18) 52... Bxh3+ 53. Nxh3 $8 Qg4+
54. Kf2 Qg3+ 55. Kf1 (55. Ke2 $4 d3+ 56. Kf1 (56. Kd1 Qf3+ 57. Ke1 Qe2#) 56...
Qxh3+ 57. Ke1 Qg4 $1 $19) 55... Qxh3+ 56. Ke1 Qc3+ 57. Ke2 $4 {Why? After
d4-d3 promotion with check position of White becomes hopeless.} ({Right was} 
57. Kf1 $1 Qf3+ 58. Ke1 (58. Kg1 Qd1+ (58... Bg3 59. Qc8+ Kg7 60. Qd7+ Kh6 61.
Qf5 $16) 59. Kf2 Qc2+ 60. Kf3 Qd1+ 61. Kf2 Qc2+ $11) 58... Bg3+ 59. Kd2 Qc3+
60. Kd1 Qd3+ 61. Kc1 Bf4+ 62. Kb2 Qc3+ 63. Ka2 Qc2+ $11) 57... d3+ 58. Kf2 Qc2+
59. Kg1 Qh2+ 60. Kf1 Qh3+ 61. Kf2 (61. Ke1 Qg4 $19) 61... Bg3+ 0-1

[Event "World Cup of Rapid Chess-A"]
[Site "Cannes"]
[Date "2001.03.22"]
[Round "5"]
[White "Polgar, Judit"]
[Black "Kasparov, Garry"]
[Result "0-1"]
[WhiteElo "2676"]
[BlackElo "2849"]
[Annotator "Ftacnik,L"]
[PlyCount "100"]
[EventDate "2001.03.21"]
[EventType "tourn (rapid)"]
[EventRounds "5"]
[EventCountry "FRA"]
[EventCategory "18"]
[Source "ChessBase"]
[SourceDate "2001.05.17"]

1. e4 c5 2. Nf3 d6 3. d4 cxd4 4. Nxd4 Nf6 5. Nc3 a6 6. Be3 e6 7. f3 b5 8. g4
Nfd7 9. Qd2 Nb6 10. O-O-O N8d7 11. Qf2 Bb7 12. Bd3 Rc8 13. Nce2 Nc5 14. Kb1
Nba4 (14... d5 15. e5 Qc7 16. f4 b4 17. f5 Qxe5 18. g5 Qc7 19. fxe6 fxe6 20. g6
Nc4 21. gxh7 {1-0 Dochev,D-Nutiu,H/Singapore/1990/ (32)}) 15. b3 (15. h4 Qc7
16. Rc1 d5 17. e5 Qxe5 18. f4 Qd6 19. g5 Be7 20. h5 f5 21. Nf3 Ne4 {0-1
Grischuk,A-Kasparov,G/Cannes/2001/ (39)}) 15... Nxd3 16. cxd3 Nc5 17. Ng3 Be7 {
This move can easily turn out to be an innacuracy, black position looks quite
sound in general.} (17... b4 $5 18. Nc2 a5 $13 {Movsesian,S-Nielsen,PH/
Bundesliga 0001/2001/}) 18. Qb2 b4 (18... O-O $6 19. Nh5 e5 20. Nf5 g6 21. Bxc5
$1 Rxc5 22. d4 exd4 23. Qxd4 f6 24. Nh6+ Kh8 25. Nf4 $13) 19. Nh5 (19. Nc2 $5
O-O 20. Nxb4 a5 21. Nc2 a4 22. Nh5 f6 23. b4 Na6 $40) 19... Rg8 $1 (19... g6 $2
20. Nxe6 $1 $18) 20. Ne2 (20. Nc2 g6 21. Ng7+ $140 $2 Kd7 $19) 20... g6 21.
Nhf4 (21. Ng7+ $2 Kd7 22. Ng3 Bf6 23. d4 Nxe4 24. fxe4 Bxg7 $17) 21... a5 22.
d4 (22. Bxc5 $6 dxc5 23. d4 cxd4 24. Rxd4 Qb6 $15) 22... Nd7 23. d5 (23. Rc1 g5
24. Nd3 d5 $15) 23... e5 (23... Bf6 24. Qd2 Ne5 25. Rhf1 Qe7 $15) 24. Nd3 Ba6 (
24... f5 25. Rc1 (25. Qd2 Nf6 26. g5 Nd7 27. h4 $13) 25... Ba6 26. Qd2 Nf6 27.
g5 (27. Rxc8 $2 Qxc8 28. gxf5 gxf5 $17) 27... Nd7 (27... fxe4 28. Nf2 exf3 29.
gxf6 Bxf6 30. Ng3 $14) 28. h4 $13) 25. Qd2 Bf6 26. Rc1 Bb5 27. g5 Bg7 28. Nb2 {
Polgar plays very cautiously, a quite understandable concept in a game with a
dangerous guy like Kasparov.} (28. f4 $1 exf4 (28... f6 29. gxf6 Nxf6 30. Nf2
Rb8 31. fxe5 dxe5 32. Rhd1 $13) 29. Bxf4 Ke7 30. Nf2 Qb6 31. Be3 Qa6 32. Nd4
$11) 28... Ke7 $1 29. f4 (29. h4 Re8 30. h5 Kf8 $13) 29... exf4 30. Bxf4 Qb6
31. Be3 Qa6 32. Nd4 Ne5 33. Rhd1 (33. Nxb5 Qxb5 34. Rc2 Rge8 35. Rhc1 Rxc2 36.
Qxc2 Kf8 $11) 33... Bd7 34. Bf4 Rxc1+ 35. Rxc1 Rc8 36. Bxe5 $2 {This hasty
move will backfire horribly, suddenly all black pieces will spring to life.} (
36. Ne2 f5 37. gxf6+ Bxf6 38. Bxe5 Bxe5 39. Rxc8 Qxc8 40. Nc4 $11) 36... Rxc1+
37. Qxc1 Bxe5 38. Nc6+ (38. Qd1 Bxd4 39. Qxd4 Qf1+ 40. Qd1 Qf4 41. Qe1 Qxg5 $17
) 38... Bxc6 39. dxc6 (39. Qxc6 Qf1+ (39... Qxc6 $2 40. dxc6 Bxb2 41. Kxb2 Kd8
42. Kc2 Kc7 43. Kd3 Kxc6 44. Kc4 $13) 40. Qc1 Qg2 $19) 39... Qe2 $1 {This is a
big problem, black can cope with the strength of c pawn indirectly.} (39...
Bxb2 $2 40. Kxb2 Qe2+ 41. Qc2 $1) 40. c7 (40. Qc2 Qxh2 41. Qxh2 Bxh2 42. Nc4
Kd8 43. Nxa5 Kc7 $19) 40... Bxb2 41. c8=Q (41. Qc2 Qxc2+ 42. Kxc2 Kd7 43. Kxb2
Kxc7 44. Kc2 d5 45. Kd3 Kd6 46. Kd4 dxe4 47. Kxe4 Ke6 $19) 41... Bxc1 42. Qb7+
Kf8 43. Kxc1 Qxh2 44. Qa8+ Kg7 45. Qxa5 Qf4+ 46. Kd1 (46. Kb2 Qxe4 47. a3 Qd4+
$19) 46... Qxe4 47. Qd8 Qb1+ 48. Ke2 Qxa2+ 49. Kf1 Qa1+ 50. Kg2 Qe5 (50... Qe5
51. Kg1 d5 $19) 0-1

[Event "World Cup of Rapid Chess-A"]
[Site "Cannes"]
[Date "2001.03.22"]
[Round "7"]
[White "Polgar, Judit"]
[Black "Bauer, Christian"]
[Result "1-0"]
[WhiteElo "2676"]
[BlackElo "2618"]
[Annotator "Finkel,A"]
[PlyCount "63"]
[EventDate "2001.03.21"]
[EventType "tourn (rapid)"]
[EventRounds "5"]
[EventCountry "FRA"]
[EventCategory "18"]
[Source "ChessBase"]
[SourceDate "2001.05.17"]

1. e4 d6 2. d4 Nf6 3. Nc3 Nbd7 4. Be3 e5 5. f3 c6 6. Qd2 Be7 7. O-O-O O-O 8. g4
b5 (8... Qa5 9. Kb1 Rd8 $4 10. h4 $2 (10. Nd5 $18) 10... b5 11. h5 Nf8 12. Nd5
{1-0 Petursson,P-Wittal,W/Bayern 1999/EXT 2000 (12)}) 9. Kb1 (9. g5 Nh5 10.
Nce2 Nb6 11. Ng3 Nf4 12. h4 f6 13. Qh2 Be6 14. Bxf4 exf4 15. Nh5 $14 {Atlas,
R-Neverovsky,G/Roslavl 1989/EXT 98 (46)}) (9. h4 Qa5 10. Kb1 b4 11. Nce2 Nb6
12. Nc1 exd4 13. Bxd4 c5 14. Bxf6 $2 (14. Nb3 Qa4 15. e5 dxe5 16. Bxc5 Bxc5 17.
Nxc5 Qc6 18. Qd6 $13 {Savushkina,N-Skripova,T/St Petersburg 2000/CBM 75 ext 
(47)}) 14... Bxf6 15. Qxd6 Be6 16. Qf4 Bxb2 $1 $19 {Goh,W-Akopian,V/Paris 1995/
EXT 99 (21)}) (9. Nce2 $6 Nb6 10. dxe5 $6 Nc4 $1 11. Qc3 Nxe3 12. Qxe3 Nxg4 $1
13. fxg4 Bg5 14. Nf4 Qb6 15. Qf3 dxe5 $15 {Meszaros,G-Shvidler,E/Kecskemet
1993/EXT 99 (60)}) 9... Nb6 10. Qe1 $1 {[%cal Gd1d8] Very strong move
preventing black from playing d5.} (10. dxe5 $6 dxe5 11. Qf2 Qc7 12. g5 Nh5 13.
Nce2 Be6 14. Ng3 Nf4 15. h4 Rfd8 $17 {Genocchio,D-Caposciutti,M/Montecatini
Terme 1998/EXT 99 (20)}) 10... b4 11. Nce2 Nc4 12. Bc1 d5 $6 {Extremly risky
continuation:black sacrifices his central pawn hoping to get an initiative
instead,but with calm and accurate play white manages to deprive black
attacking chanses and finally to win the game.} (12... a5 $2 13. Ng3 $18) (
12... Qa5 13. g5 Nd7 14. f4 Ndb6 15. f5 $14) 13. b3 Na3+ 14. Bxa3 bxa3 15. dxe5
Nd7 16. f4 (16. exd5 cxd5 (16... Nxe5 $6 17. dxc6 Qc7 18. Nc3 $16) 17. Nd4 Qc7
18. f4 Nc5 19. h3 Ne4 20. Nge2 $16) 16... Nc5 17. Bg2 $5 (17. exd5 $5) 17...
Bxg4 18. exd5 cxd5 19. Bxd5 Rc8 20. h3 $1 ({Not so clear is} 20. Bxf7+ Kxf7 21.
Rxd8 Rfxd8 22. h3 Bf5 23. Nf3 Ne6 $44 {and black has good compensation.}) 20...
Bf5 21. Nc3 Qa5 22. Nge2 Na6 (22... Rfd8) 23. Be4 Bxe4 24. Nxe4 Qc7 25. c4 $16
Bb4 $2 26. Qg3 $1 Qb7 27. Nf6+ Kh8 28. Rhg1 $1 $18 g6 29. Qh4 h5 30. Qg5 (30.
Nxh5 Qe4+ 31. Ka1 g5 32. Qxg5 Qg6 33. Nf6 Qxg5 34. Rxg5 $18) 30... Kg7 31. Rd7
Rc7 32. Qxg6+ 1-0

[Event "World Cup of Rapid Chess KO"]
[Site "Cannes"]
[Date "2001.03.23"]
[Round "1.1"]
[White "Polgar, Judit"]
[Black "Adams, Michael"]
[Result "1/2-1/2"]
[WhiteElo "2676"]
[BlackElo "2746"]
[Annotator "Huzman"]
[PlyCount "105"]
[EventDate "2001.03.24"]
[EventType "k.o. (rapid)"]
[EventRounds "3"]
[EventCountry "FRA"]
[Source "ChessBase"]
[SourceDate "2001.05.17"]

1. e4 e5 2. Nf3 Nf6 3. Nxe5 d6 4. Nf3 Nxe4 5. d4 d5 6. Bd3 Nc6 7. O-O Be7 8. c4
Nb4 9. Be2 O-O 10. Nc3 Bf5 11. a3 Nxc3 12. bxc3 Nc6 13. Re1 dxc4 14. Bxc4 Bd6
15. h3 $146 Qd7 16. Ra2 Na5 $1 {Black neutralise pressure of White along
diagonal a2-g8.} (16... Rfe8 17. Rae2 Na5 18. Ba2 $14) 17. Bd3 Rae8 18. Rae2
Rxe2 19. Qxe2 Bxd3 20. Qxd3 Re8 $11 21. Rxe8+ Qxe8 22. c4 h6 (22... b6 23. Bd2
(23. Be3 h6 $11) 23... Qa4 24. c5 $1 Bf8 (24... Qd1+ $2 25. Ne1 Be7 26. Bxa5
Qxd3 27. Nxd3 bxa5 28. Ne5 $16) (24... Be7 $2 25. Bxa5 Qxa5 26. Qe4 $18) 25.
Ng5 Qd1+ (25... g6 26. Qf3 Qd7 27. Bxa5 bxa5 28. Qe4 $16 {[%cal Gg5f3,Gf3e5]})
26. Kh2 g6 27. Qe3 h6 28. Ne4 Bg7 29. Bxa5 bxa5 30. Nd2 $14) 23. c5 (23. Bd2
Qa4 24. c5 Qd1+ 25. Ne1 (25. Qf1 Bh2+ 26. Nxh2 Qxd2 $11) 25... Nc4 26. cxd6
Nxd2 27. dxc7 Qxe1+ 28. Kh2 Qc1 $11) 23... Bf8 24. Qc3 (24. Bf4 Qd7 25. Qe4 Nc6
$11) 24... Nc6 (24... Qb5 25. Bf4 c6 26. Ne5 b6 $11) 25. Bf4 (25. d5 Ne7 26.
Qb3 Qd7 27. Qxb7 Qxd5 $11 {=/+}) 25... Qd7 26. Qc4 Ne7 $1 27. Ne5 Qd5 28. Qa4
Nf5 29. Nf3 c6 (29... Qe4 30. Bxc7 Bxc5 31. Be5 $11) 30. Qxa7 Nxd4 31. Nxd4
Qxd4 32. Be3 Qd7 {[%csl Rb7,Rc5] The position is absolutely equal.The
weaknesses of the pawns c5 and b7 are in balance.} 33. Qb8 f6 34. h4 Kf7 35. g3
h5 36. Kh2 Be7 37. Qf4 Bd8 38. Qc4+ Qe6 39. Qb4 Qd7 40. Qb3+ Kg6 41. Bf4 Be7
42. Be3 Bd8 43. a4 Bc7 44. Kg1 Bd8 45. Kf1 Be7 46. Ke2 Bd8 47. f3 Be7 48. Qb1+
Kf7 49. Qb3+ Kf8 50. Qb1 Kf7 51. Qb3+ Kf8 52. Qb1 Kf7 53. Qb3+ 1/2-1/2

[Event "World Cup of Rapid Chess KO"]
[Site "Cannes"]
[Date "2001.03.24"]
[Round "2.1"]
[White "Polgar, Judit"]
[Black "Bareev, Evgeny"]
[Result "0-1"]
[WhiteElo "2676"]
[BlackElo "2709"]
[Annotator "Finkel,A"]
[PlyCount "56"]
[EventDate "2001.03.24"]
[EventType "k.o. (rapid)"]
[EventRounds "3"]
[EventCountry "FRA"]
[Source "ChessBase"]
[SourceDate "2001.05.17"]

1. e4 e6 2. d4 d5 3. Nc3 Nf6 4. Bg5 dxe4 5. Nxe4 Be7 6. Bxf6 Bxf6 7. Nf3 Nd7 8.
Qe2 (8. Bc4 Be7 (8... a6 9. O-O O-O 10. Re1 b5 11. Bb3 Bb7 12. c3 Bxe4 13. Rxe4
c5 $11 {Mestrovic,Z-Ong Yok Hwa/Sarajevo 1966/EXT 98}) 9. Qe2 (9. O-O O-O 10.
Qe2 c6 11. Rad1 Qc7 12. Rfe1 Qf4 13. g3 Qc7 14. c3 $14 {Clarke,P-Troeger,P/
Budapest 1960/EXT 2001}) 9... c6 10. O-O-O Qc7 11. Kb1 b6 12. h4 h6 13. Ng3 $36
{Short-Nikolaiczuk/Dortmund (3) 1986 (23)}) (8. Bd3 $142 {(ChessBase) /\c3,
De2/Dc2,0-0/0-0-0}) (8. Qd3 O-O 9. O-O-O b6 10. h4 Bb7 11. g4 Be7 12. Bg2 Qc8
13. Nfg5 g6 $13 {Mudelsee,M-Haefner,T/Germany 1988/GER-chT2 (42)}) 8... O-O (
8... Qe7 9. O-O-O O-O 10. g4 g6 11. h4 Bg7 12. h5 b6 13. Qe3 Bb7 14. Bg2 c5 $15
{Vesely,J-Fichtl,J/Prague 1953/MCD (25)}) 9. O-O-O b6 (9... Be7 $1 {ChessBase}
10. Kb1 b6 11. g4 Bb7 12. Rg1 c5 13. g5 (13. dxc5 {ChessBase} Bxe4 14. Qxe4
Nxc5 $10) 13... Qc7 14. Bh3 Kh8 15. Rg4 {[%cal Yg4h4] /\Th4->} f5 $1 16. gxf6
Nxf6 17. Nxf6 Bxf6 $132 {Bogoljubow,E-Alekhine,A/GER/NLD 1929/MainBase/
[ChessBase] (38)}) 10. h4 Bb7 11. h5 $6 {Useless move which doesn't help white
to create any threat to black king.It was better to play} (11. Ne5 $5 Be7 12.
f4 Nf6 13. Nxf6+ (13. Ng5) 13... Bxf6 14. Rh3 $36 {[%cal Gg2g5] with promising
position.}) 11... c5 $1 12. h6 (12. Qe3) 12... g6 13. dxc5 $6 {Thie move is
serious inaccuracy after which white finds himself in troubles.} (13. Nxf6+
Qxf6 $13) 13... Bxe4 $1 14. Qxe4 Nxc5 $17 15. Qb4 (15. Rxd8 Nxe4 16. Rxa8 Rxa8
$17 {[%csl Rf2]}) 15... Qc7 16. Be2 b5 $1 {All black pieces are perfectly
placed and the decisive attack goes very smoothly.} 17. Kb1 (17. Nd4 a5 18.
Qxb5 Qf4+ 19. Kb1 Bxd4 $19) 17... a5 18. Qg4 Na4 $19 19. Nd4 $8 (19. c3 Nxb2
20. Kxb2 Qxc3+ 21. Kb1 Qb2#) 19... Rfc8 20. Rd2 (20. Qg3 $5 e5 (20... Be5 21.
Qb3) (20... Qb6 21. Qe3 Qc5 22. c3 b4 $17) (20... Qc5 21. Rh5 $1) 21. Bxb5 Nxb2
22. Kxb2 Rab8 23. Rhe1 Qc5 $17) 20... Nxb2 $1 21. Nxb5 Rab8 $1 $19 {[%cal
Gb8b2]} 22. Kc1 (22. Nxc7 Nd3+ $1 23. Nb5 Rxb5+ 24. Qb4 Rxb4#) 22... Qe5 (22...
Qc5) 23. f4 Qc5 24. Qf3 Nc4 25. Bxc4 Qxc4 26. Nd6 Qxa2 27. Kd1 Qb1+ 28. Ke2
Qxh1 0-1